Disco Elysium Characters - Statistics

General Stats
  • This quiz has been taken 57 times
  • The average score is 11 of 16
Answer Stats
Hint Answer % Correct
The main character. Lieutenant double-yefreitor of RCM's Precinct 41. Harrier Du Bois
98%
Your companion. A lieutenant of RCM's Precinct 57. The deuteragonist. Kim Kitsuragi
95%
The red-haired addict boy who throws stones at the hanged man. Refers to himself in third person. Cuno
90%
The red-haired girl who accompanies the stone-throwing boy from behind the fence. Cunoesse
79%
Leader of the Hardie Boys Titus Hardie
79%
The cafeteria manager of Whirling-in-Rags, and a few others. Lawrence Garte
76%
Co-leader of the Dockworkers' Union. The one our main character speaks to many times. Evrart Claire
71%
Miss Oranje Disco Dancer Klaasje Amandou
71%
The Cryptozoologist's Wife Lena
64%
The Cryptofascist Gary
62%
The current Wild Pines representative. Usually found on/near her boat. Joyce Leyton-Messier
62%
The Instigator. The lorry driver who runs a drug operation. The "eighth Hardie boy". Ruby
55%
Co-leader of the Dockworkers' Union. The one we don't see. Edgar Claire
45%
The Cryptozoologist Morell
38%
The Hanged Man Ellis "Lely" Kortenaer
36%
The Deserter. Iosef Lilianovich Dros
33%
No matching quizzes found
Score Distribution
Percent of People with Each Score
Percentile by Number Answered
Your Score History
You have not taken this quiz